000 00739pam a2200253 a 4500
999 _c2220
_d2220
003 OSt
005 20210707081928.0
008 890214s1989 moua b 001 0 eng c
020 _a0801632498
040 _cDLC
050 0 0 _aRT84.5
_b.N9 1989
060 _aWY 86 N9738
245 0 0 _aNursing theorists and their work /
_c[edited by] Ann Marriner-Tomey.
250 _a2nd ed.
260 _aSt. Louis :
_bMosby,
_c1989.
300 _axv, 464 p. :
_bill. ;
_c24 cm.
504 _aIncludes bibliographies and index.
650 0 _aNursing
_xPhilosophy.
650 2 _aNurses
_xbiography.
650 2 _aNursing Theory.
700 2 _aMarriner-Tomey, Ann,
_d1943-
906 _a7
_bcbc
_corignew
_d1
_eocip
_f19
_gy-gencatlg
942 _2lcc
_cBK
_nSO